[Event "World Blitz"]
[Site "Moscow RUS"]
[Date "2009.11.16"]
[Round "1"]
[White "Gashimov,V"]
[Black "Karpov,Ana"]
[Result "0-1"]
[WhiteElo "2758"]
[BlackElo "2619"]
[EventDate "2009.11.16"]

1. e4 c6 2. d4 d5 3. Nc3 dxe4 4. Nxe4 Bf5 5. Ng3 Bg6 6. h4 h6 7. Nf3 Nd7 8.
h5 Bh7 9. Bd3 Bxd3 10. Qxd3 e6 11. Bd2 Ngf6 12. O-O-O Qc7 13. Qe2 O-O-O 14.
Ne5 Nb6 15. Ba5 Rd5 16. Bxb6 axb6 17. Kb1 b5 18. c3 Rd8 19. f4 Nd5 20. Qf3
Bd6 21. Ne4 Rhe8 22. g3 Kb8 23. Rhe1 f6 24. Nd3 Bf8 25. Nec5 Bxc5 26. Nxc5
Qf7 27. Qg4 Nc7 28. Qf3 Rd5 29. g4 Red8 30. Nd3 Na6 31. a3 Qd7 32. Kc1 Qd6
33. Qe3 Re8 34. f5 Nc7 35. Nf4 exf5 36. Qf2 Rxe1 37. Rxe1 fxg4 38. Nxd5
Nxd5 39. Re4 g3 40. Qf3 f5 41. Qxf5 g2 42. Rg4 Ne3 43. Qf3 Nxg4 44. Qxg2
Qf4+ 45. Kb1 Qf5+ 46. Ka1 Qxh5 47. Qg3+ Kc8 48. Qd6 Qf7 49. Qg3 Nf6 50.
Qh3+ Qd7 51. Qg3 h5 52. Qf4 Qd5 53. Qg3 g5 54. Qf2 Qe6 55. Qd2 0-1

[Event "World Blitz"]
[Site "Moscow RUS"]
[Date "2009.11.16"]
[Round "4"]
[White "Karjakin,Sergey"]
[Black "Svidler,P"]
[Result "1/2-1/2"]
[WhiteElo "2723"]
[BlackElo "2754"]
[EventDate "2009.11.16"]

1. e4 e5 2. Nf3 Nc6 3. Bb5 a6 4. Ba4 Nf6 5. d3 b5 6. Bb3 Bc5 7. a4 Rb8 8.
O-O d6 9. Be3 Bxe3 10. fxe3 O-O 11. axb5 axb5 12. Nbd2 Ne7 13. Nh4 Be6 14.
Kh1 c6 15. c4 bxc4 16. Bxc4 Rxb2 17. Bxe6 1/2-1/2

[Event "World Blitz"]
[Site "Moscow RUS"]
[Date "2009.11.16"]
[Round "5"]
[White "Ivanchuk,V"]
[Black "Jakovenko,D"]
[Result "1/2-1/2"]
[WhiteElo "2739"]
[BlackElo "2736"]
[EventDate "2009.11.16"]

1. e4 e5 2. Nf3 Nc6 3. d4 exd4 4. Nxd4 Bc5 5. Nxc6 Qf6 6. Qe2 bxc6 7. Nc3
Bd4 8. Na4 Qe7 9. c3 Bb6 10. g3 d6 11. Bg2 Bd7 12. O-O Nf6 13. e5 dxe5 14.
Re1 e4 15. Bxe4 Nxe4 16. Qxe4 Qxe4 17. Rxe4+ Be6 18. c4 O-O-O 19. Bf4 c5
20. b3 Bd7 21. Re7 Bxa4 22. bxa4 Rd7 23. Rxd7 Kxd7 24. Bd2 a5 25. f3 Rd8
26. Kf2 Kc6 27. Ke2 g6 28. Rc1 Re8+ 29. Be3 Kd6 30. Kd3 h5 31. Rb1 Re6 32.
Bd2 Kd7 33. Rb5 Rd6+ 34. Kc3 Re6 35. Kd3 Rd6+ 36. Ke2 Rd4 37. Bxa5 Bxa5 38.
Rxa5 Rxc4 39. Kd3 Rd4+ 40. Kc3 Kc6 41. Ra6+ Kb7 42. Rf6 Rxa4 43. Kb3 Ra5
44. Rxf7 c4+ 45. Kxc4 Rxa2 46. Rg7 Rxh2 47. Rxg6 Rg2 48. f4 h4 49. g4 h3
50. g5 Rg4 51. Kd5 Rxf4 52. Rh6 Rg4 53. Rxh3 Rxg5+ 1/2-1/2

[Event "World Blitz"]
[Site "Moscow RUS"]
[Date "2009.11.16"]
[Round "5"]
[White "Svidler,P"]
[Black "Karpov,Ana"]
[Result "1/2-1/2"]
[WhiteElo "2754"]
[BlackElo "2619"]
[EventDate "2009.11.16"]

1. e4 c6 2. d4 d5 3. e5 Bf5 4. Nf3 e6 5. Be2 Ne7 6. Nbd2 c5 7. dxc5 Nec6 8.
Nb3 Bxc5 9. Nxc5 Qa5+ 10. c3 Qxc5 11. Qb3 Qe7 12. Bg5 Qc7 13. Nd4 Nxd4 14.
cxd4 h6 15. Be3 Nc6 16. Rc1 O-O 17. O-O a6 18. Rc5 Rfc8 19. Rfc1 Qd7 20.
Qb6 Qc7 21. Qxc7 Rxc7 22. h4 Rcc8 23. h5 Kf8 24. g4 Bh7 25. Bd1 Ke7 26. Ba4
Kd7 27. a3 b5 28. Bd1 Na5 29. Rxc8 Rxc8 30. Rxc8 Kxc8 31. b3 Bb1 32. Bd2
Nc6 33. Bc3 Kb7 34. f3 Kb6 35. Kf2 a5 36. b4 axb4 37. axb4 Ne7 38. Ke3 Kc6
39. Be1 Nc8 40. Bh4 Kd7 41. Be2 Kc6 42. f4 Be4 43. g5 hxg5 44. fxg5 Bh7 45.
Kf2 g6 46. h6 Nb6 47. Ke3 Nc8 48. Be1 Nb6 49. Bd3 Nc8 50. Bc3 Nb6 1/2-1/2

[Event "World Blitz"]
[Site "Moscow RUS"]
[Date "2009.11.16"]
[Round "6"]
[White "Karpov,Ana"]
[Black "Ponomariov,R"]
[Result "1/2-1/2"]
[WhiteElo "2619"]
[BlackElo "2739"]
[EventDate "2009.11.16"]

1. d4 Nf6 2. c4 c5 3. d5 b5 4. cxb5 a6 5. bxa6 g6 6. Nc3 Bxa6 7. e4 Bxf1 8.
Kxf1 d6 9. Nf3 Nbd7 10. h3 Bg7 11. Kg1 O-O 12. Kh2 Qa5 13. Re1 Rfb8 14. Qc2
Ne8 15. Bd2 Nc7 16. b3 Qa3 17. Bc1 Qa6 18. Bb2 Ne5 19. Nxe5 Bxe5+ 20. Kg1
Qb7 21. Na4 Bxb2 22. Nxb2 Nb5 23. Nc4 Na3 24. Nxa3 Rxa3 25. Qb2 Rba8 26. e5
Qxd5 27. Rad1 Qc6 28. exd6 exd6 29. Qf6 R3a6 30. Re7 Rf8 31. Rd3 1/2-1/2

[Event "World Blitz"]
[Site "Moscow RUS"]
[Date "2009.11.16"]
[Round "6"]
[White "Aronian,L"]
[Black "Gashimov,V"]
[Result "1/2-1/2"]
[WhiteElo "2786"]
[BlackElo "2758"]
[EventDate "2009.11.16"]

1. d4 Nf6 2. c4 e6 3. Nf3 c5 4. d5 exd5 5. cxd5 Bd6 6. Nc3 O-O 7. g3 Bc7 8.
d6 Ba5 9. Bg2 Ne4 10. O-O Bxc3 11. bxc3 Qf6 12. Bf4 Re8 13. Qd3 Nc6 14. Nd2
Nxd2 15. Bxd2 b6 16. f4 a5 17. Rfe1 Ba6 18. c4 Rac8 19. Bc3 Qg6 20. a3 Nd4
21. Bxd4 cxd4 22. Qxd4 Bxc4 23. e4 b5 24. Rac1 a4 25. Rc3 Qe6 26. Rec1 f6
27. Qd2 Kh8 28. Re3 Bb3 29. Rxc8 Rxc8 30. e5 h6 31. Rc3 Bc4 32. Qd4 fxe5
33. fxe5 Re8 34. Re3 Rf8 35. Rf3 Re8 36. Re3 Rf8 37. h3 Qg6 38. Be4 Qh5 39.
Bg2 Qg6 40. Be4 Qh5 41. Bg2 Qg6 42. Be4 Qh5 1/2-1/2

[Event "World Blitz"]
[Site "Moscow RUS"]
[Date "2009.11.16"]
[Round "8"]
[White "Karjakin,Sergey"]
[Black "Tkachiev,V"]
[Result "1/2-1/2"]
[WhiteElo "2723"]
[BlackElo "2642"]
[EventDate "2009.11.16"]

1. e4 e5 2. Nf3 Nc6 3. Bb5 Bc5 4. c3 Nf6 5. d4 exd4 6. e5 Ne4 7. cxd4 Bb4+
8. Nbd2 d5 9. O-O O-O 10. Qa4 Bxd2 11. Nxd2 Bd7 12. f3 a6 13. Bxc6 Bxc6 14.
Qc2 Ng5 15. Nb3 Ne6 16. Be3 f5 17. exf6 Qxf6 18. Na5 Nxd4 19. Qd2 Nf5 20.
Bf4 Rf7 21. Rac1 h6 22. Rfe1 Qg6 23. Rc5 Nh4 24. Bg3 Nf5 25. Bf4 Nh4 26.
Bg3 Nf5 1/2-1/2

[Event "World Blitz"]
[Site "Moscow RUS"]
[Date "2009.11.16"]
[Round "11"]
[White "Gashimov,V"]
[Black "Gelfand,B"]
[Result "1/2-1/2"]
[WhiteElo "2758"]
[BlackElo "2758"]
[EventDate "2009.11.16"]

1. e4 e6 2. d4 d5 3. Nc3 dxe4 4. Nxe4 Bd7 5. Nf3 Bc6 6. Bd3 Nd7 7. O-O Ngf6
8. Ned2 Be7 9. Nc4 O-O 10. Nce5 Bd5 11. c4 Bxf3 12. Qxf3 c5 13. Qxb7 Nxe5
14. dxe5 Qxd3 15. Qxe7 Ng4 16. b3 Qd4 17. Ba3 Qxe5 18. Qh4 Nh6 19. Rfe1 Qc7
20. Qg3 Rac8 21. Rad1 Qa5 22. Bb2 Nf5 23. Qc3 Qb6 24. Qe5 Rfd8 25. Rxd8+
Rxd8 26. Ba3 Rc8 27. Rd1 h6 28. Bb2 Rd8 29. Rxd8+ Qxd8 30. h3 Qd1+ 31. Kh2
Qd2 32. Ba3 Qxf2 33. Bxc5 Qxa2 34. Qc3 a5 35. Bb6 a4 36. bxa4 Qxa4 37. c5
Qc6 38. Qc4 Ne7 39. Qd4 Nd5 40. Ba5 f6 41. Bd2 Kf7 42. Qc4 Ne7 43. Be3 Ng6
44. Qb3 Ne5 45. Qa2 Nd7 46. Qa3 Qc7+ 47. Kg1 Nb8 48. Qa4 Nc6 49. Qa6 Qd7
50. Qb6 Qd5 51. Bf2 h5 52. Qc7+ Kg6 53. Qc8 Kh7 54. Qe8 Kh6 55. Qh8+ Kg6
56. Qe8+ Kh7 57. Kh2 Qe5+ 58. Kg1 Qd5 1/2-1/2

[Event "World Blitz"]
[Site "Moscow RUS"]
[Date "2009.11.16"]
[Round "14"]
[White "Anand,V"]
[Black "Karjakin,Sergey"]
[Result "1-0"]
[WhiteElo "2788"]
[BlackElo "2723"]
[EventDate "2009.11.16"]

1. e4 e5 2. Nf3 Nc6 3. Bb5 Nf6 4. O-O Nxe4 5. d4 Nd6 6. Bxc6 dxc6 7. dxe5
Nf5 8. Qxd8+ Kxd8 9. Nc3 Ke8 10. h3 h5 11. Rd1 Be7 12. Bg5 Be6 13. Rd2 Rd8
14. Rad1 Rxd2 15. Rxd2 h4 16. Bxe7 Kxe7 17. Ne2 Bd5 18. Nfd4 Nxd4 19. Nxd4
g6 20. b3 a5 21. c4 Be6 22. f4 a4 23. Kf2 c5 24. Nf3 c6 25. Rb2 axb3 26.
axb3 b5 27. Ra2 Rd8 28. Ra7+ Kf8 29. Rc7 Rd3 30. Rxc6 Rxb3 31. cxb5 Rxb5
32. Nxh4 Bd5 33. Rc7 c4 34. Nf3 Rb2+ 35. Kg3 Kg7 36. Rc5 Bxf3 37. Kxf3 Rc2
38. Rc7 Kg8 39. g3 c3 40. Kg4 Rc1 41. Kg5 c2 42. Kf6 Rg1 43. Rxc2 Rxg3 44.
Rc8+ Kh7 45. Rc7 Rxh3 46. e6 Rf3 47. Rxf7+ Kh6 48. Ke5 Re3+ 49. Kd6 Rd3+
50. Kc7 Rc3+ 51. Kd8 1-0

[Event "World Blitz"]
[Site "Moscow RUS"]
[Date "2009.11.16"]
[Round "14"]
[White "Aronian,L"]
[Black "Tkachiev,V"]
[Result "1-0"]
[WhiteElo "2786"]
[BlackElo "2642"]
[EventDate "2009.11.16"]

1. d4 d5 2. c4 c6 3. Nf3 Nf6 4. Nc3 e6 5. Bg5 h6 6. Bxf6 Qxf6 7. e3 Nd7 8.
a3 g6 9. e4 dxc4 10. e5 Qd8 11. Bxc4 Bg7 12. Qe2 O-O 13. Rd1 Qc7 14. Kf1 a6
15. h4 Rd8 16. h5 g5 17. Nxg5 Nxe5 18. Nxe6 Bxe6 19. Bxe6 fxe6 20. dxe5
Qxe5 21. Rh3 Qxe2+ 22. Kxe2 Bxc3 23. Rxd8+ Rxd8 24. Rxc3 Rd5 25. g4 Rb5 26.
b4 a5 27. Rc5 Rxc5 28. bxc5 e5 29. f4 exf4 30. Kf3 Kf7 31. Kxf4 Kf6 32. a4
1-0

[Event "World Blitz"]
[Site "Moscow RUS"]
[Date "2009.11.17"]
[Round "19"]
[White "Tkachiev,V"]
[Black "Gashimov,V"]
[Result "1-0"]
[WhiteElo "2642"]
[BlackElo "2758"]
[EventDate "2009.11.16"]

1. e4 c5 2. c3 g6 3. d4 cxd4 4. cxd4 d5 5. e5 Bg7 6. h3 Nh6 7. Nf3 O-O 8.
Nc3 Bf5 9. Bd3 Nc6 10. O-O Rc8 11. Bxh6 Bxh6 12. Bxf5 gxf5 13. Qb3 e6 14.
Qxb7 Rc7 15. Qb5 Qd7 16. Qe2 Rb8 17. Rfd1 Kh8 18. Na4 Qe7 19. Rd3 Qb4 20.
b3 Qe7 21. a3 a5 22. Rc3 Rbc8 23. Qd3 Nd8 24. Nc5 Nc6 25. Na6 Rb7 26. Ra2
Na7 27. Rxc8+ Nxc8 28. b4 axb4 29. axb4 Nb6 30. Nc5 Rb8 31. Qb5 Kg8 32. Qc6
Nc4 33. b5 Kg7 34. Nd7 Rd8 35. Ra7 Nd2 36. Nxd2 Bxd2 37. b6 Qh4 38. Nc5 Kg8
39. Nxe6 fxe6 40. Qxe6+ Kh8 41. b7 Be1 42. g3 Qg5 43. Qf6+ Qxf6 44. exf6
1-0

[Event "World Blitz"]
[Site "Moscow RUS"]
[Date "2009.11.17"]
[Round "20"]
[White "Aronian,L"]
[Black "Anand,V"]
[Result "1/2-1/2"]
[WhiteElo "2786"]
[BlackElo "2788"]
[EventDate "2009.11.16"]

1. d4 Nf6 2. c4 e6 3. Nf3 d5 4. Nc3 Be7 5. Bg5 h6 6. Bh4 O-O 7. e3 Ne4 8.
Bxe7 Qxe7 9. cxd5 Nxc3 10. bxc3 exd5 11. Rb1 c5 12. Ne5 Nc6 13. Nxc6 bxc6
14. Bd3 Be6 15. O-O Rab8 16. Qa4 c4 17. Bc2 Qc7 18. Rxb8 Rxb8 19. Rb1 Rxb1+
20. Bxb1 Qb6 21. Qc2 g6 22. Qc1 Kg7 23. h3 c5 24. Bc2 cxd4 25. exd4 Qa5 26.
Qb2 Qc7 27. Bd1 h5 1/2-1/2

[Event "World Blitz"]
[Site "Moscow RUS"]
[Date "2009.11.17"]
[Round "25"]
[White "Svidler,P"]
[Black "Karjakin,Sergey"]
[Result "1-0"]
[WhiteElo "2754"]
[BlackElo "2723"]
[EventDate "2009.11.16"]

1. e4 c5 2. Nf3 d6 3. d4 cxd4 4. Nxd4 Nf6 5. Nc3 a6 6. Be2 e5 7. Nb3 Be7 8.
O-O O-O 9. Re1 Be6 10. Bf3 a5 11. a4 Nc6 12. Nd5 Bxd5 13. exd5 Nb4 14. c3
Na6 15. Be3 Nd7 16. Be2 f5 17. f4 exf4 18. Bxf4 Bg5 19. Bxg5 Qxg5 20. Nd4
Nac5 21. Bf3 Ne5 22. Ne6 Nxe6 23. dxe6 Qe7 24. Bd5 f4 25. Kh1 Rf5 26. c4
Kh8 27. Ra3 Re8 28. Rb3 Qh4 29. Rh3 Qg5 30. Be4 Rxe6 31. Bxf5 Qxf5 32. c5
f3 33. cxd6 1-0

[Event "World Blitz"]
[Site "Moscow RUS"]
[Date "2009.11.17"]
[Round "26"]
[White "Karpov,Ana"]
[Black "Svidler,P"]
[Result "1/2-1/2"]
[WhiteElo "2619"]
[BlackElo "2754"]
[EventDate "2009.11.16"]

1. d4 Nf6 2. c4 g6 3. g3 c6 4. Bg2 d5 5. cxd5 cxd5 6. Nf3 Bg7 7. Nc3 O-O 8.
O-O Ne4 9. Ne5 Nxc3 10. bxc3 Be6 11. c4 Nc6 12. Nxc6 bxc6 13. c5 Bf5 14.
Qa4 Qd7 15. Bf4 Rfe8 16. Rfd1 Rad8 17. Rd2 e5 18. Bxe5 Bxe5 19. dxe5 Rxe5
20. e3 Be4 21. Bxe4 Rxe4 22. Rd4 Rxd4 1/2-1/2

[Event "World Blitz"]
[Site "Moscow RUS"]
[Date "2009.11.17"]
[Round "27"]
[White "Gashimov,V"]
[Black "Aronian,L"]
[Result "0-1"]
[WhiteElo "2758"]
[BlackElo "2786"]
[EventDate "2009.11.16"]

1. e4 e5 2. Nf3 Nc6 3. Bb5 Nge7 4. Nc3 g6 5. d4 exd4 6. Nd5 Bg7 7. Bg5 h6
8. Bf6 Bxf6 9. Nxf6+ Kf8 10. O-O Nf5 11. Nd5 Ng7 12. Re1 d6 13. h3 Ne5 14.
Be2 Nxf3+ 15. Bxf3 Ne6 16. c3 c6 17. Nb4 Qf6 18. Nc2 dxc3 19. Qxd6+ Kg7 20.
e5 Qh4 21. Re4 Qd8 22. bxc3 Qxd6 23. exd6 Rd8 24. Rd1 Ng5 25. Re7 Kf8 26.
Re3 Bf5 27. Na3 Rd7 28. c4 Nxf3+ 29. Rxf3 b6 30. g4 Be6 31. Rfd3 Rad8 32.
Kg2 c5 33. Kg3 a6 34. Kf4 f6 35. f3 Kf7 36. h4 g5+ 37. Kg3 Kg7 38. R3d2 Bg8
39. Rd3 Bh7 40. R3d2 Bg8 41. Rd3 Bh7 42. R3d2 Bg8 43. f4 gxf4+ 44. Kxf4 Be6
45. h5 Kf7 46. Rd3 Rg8 47. Rg3 Rg5 48. Rd2 f5 49. Nc2 fxg4 50. Ne3 Kg7 51.
Ke4 b5 52. cxb5 axb5 53. Ng2 c4 54. Nf4 Bf7 55. a3 Kf6 56. Ke3 Ke5 57. Rg1
Rxd6 58. Rb2 Kf6 59. Kf2 Rf5 60. Kg3 Kg5 61. Rf1 Rdf6 62. Rbf2 c3 63. Nd3
Bc4 64. Nc5 Rxc5 65. Rxf6 Bxf1 0-1

[Event "World Blitz"]
[Site "Moscow RUS"]
[Date "2009.11.18"]
[Round "29"]
[White "Tkachiev,V"]
[Black "Karjakin,Sergey"]
[Result "1-0"]
[WhiteElo "2642"]
[BlackElo "2723"]
[EventDate "2009.11.16"]

1. d4 d5 2. c4 c6 3. Nc3 Nf6 4. cxd5 cxd5 5. Bf4 Nc6 6. e3 a6 7. Rc1 Bg4 8.
f3 Bf5 9. g4 Bd7 10. Bd3 e6 11. Qd2 Rc8 12. Nge2 Na5 13. Ng3 h6 14. h4 Nc4
15. Bxc4 Rxc4 16. Kf2 Bb4 17. a3 Be7 18. Kg2 Qb6 19. g5 Ng8 20. Nh5 g6 21.
Be5 Rh7 22. Nf6+ Bxf6 23. gxf6 Qd8 24. Ne4 Rxc1 25. Nd6+ Kf8 26. Rxc1 Nxf6
27. Nxb7 Qb6 28. Qb4+ Qxb4 29. axb4 Nh5 30. Rc7 Bb5 31. Rc8+ Ke7 32. Rc7+
Kf8 33. Nd6 g5 34. hxg5 hxg5 35. Rc8+ Ke7 36. Rc7+ Kf8 37. Rb7 Bd3 38. b5
axb5 39. Nxb5 f6 40. Bd6+ 1-0

[Event "World Blitz"]
[Site "Moscow RUS"]
[Date "2009.11.18"]
[Round "29"]
[White "Gashimov,V"]
[Black "Leko,P"]
[Result "1-0"]
[WhiteElo "2758"]
[BlackElo "2752"]
[EventDate "2009.11.16"]

1. e4 e5 2. Nf3 Nc6 3. Bb5 a6 4. Ba4 Nf6 5. O-O Be7 6. Re1 b5 7. Bb3 O-O 8.
h3 Bb7 9. d3 d6 10. a3 Nb8 11. Nbd2 Nbd7 12. Nf1 Re8 13. Ba2 Bf8 14. Ng3 c6
15. Nf5 d5 16. Bd2 c5 17. a4 h6 18. exd5 Bxd5 19. Bxd5 Nxd5 20. Qe2 b4 21.
Rad1 Re6 22. Ne3 Nf4 23. Qf1 Qc7 24. Nc4 Nd5 25. Bc1 Rae8 26. Nh4 g6 27.
Nf3 Bg7 28. Nfd2 f5 29. Ne3 N5f6 30. b3 Qc6 31. Bb2 Kh7 32. Re2 Nh5 33.
Ree1 Ndf6 34. Nec4 Nd7 35. Nf3 Qd5 36. Re3 Nf4 37. Rde1 g5 38. g3 Ng6 39.
Qg2 Kg8 40. Nfd2 Qxg2+ 41. Kxg2 1-0

[Event "World Blitz"]
[Site "Moscow RUS"]
[Date "2009.11.18"]
[Round "32"]
[White "Gelfand,B"]
[Black "Gashimov,V"]
[Result "0-1"]
[WhiteElo "2758"]
[BlackElo "2758"]
[EventDate "2009.11.16"]

1. Nf3 c5 2. c4 b6 3. d4 cxd4 4. Nxd4 Bb7 5. Nc3 Nf6 6. f3 Nc6 7. e4 g6 8.
Be3 Bg7 9. Be2 O-O 10. O-O e6 11. Ndb5 d5 12. cxd5 exd5 13. exd5 Nb4 14. d6
Nfd5 15. Nxd5 Nxd5 16. Bd4 Qg5 17. Rf2 Nf4 18. Kh1 Bxd4 19. Nxd4 Rad8 20.
Nb5 a6 21. Nc3 Qc5 22. Qg1 Rxd6 23. Bf1 Rfd8 24. Rc1 Qg5 25. Rfc2 b5 26.
Qa7 R8d7 27. Qb8+ Kg7 28. Ne4 Bxe4 29. fxe4 Ne6 30. Rc8 Rd8 31. Rxd8 Rxd8
32. Rc8 Qf6 33. Kg1 Qd4+ 34. Kh1 Qf2 35. Rc1 Rxb8 0-1

[Event "World Blitz"]
[Site "Moscow RUS"]
[Date "2009.11.18"]
[Round "35"]
[White "Karjakin,Sergey"]
[Black "Anand,V"]
[Result "1/2-1/2"]
[WhiteElo "2723"]
[BlackElo "2788"]
[EventDate "2009.11.16"]

1. e4 e5 2. Nf3 Nc6 3. Bb5 a6 4. Ba4 Nf6 5. O-O b5 6. Bb3 Bc5 7. c3 d6 8.
a4 Rb8 9. d4 Bb6 10. axb5 axb5 11. Na3 O-O 12. Nxb5 Bg4 13. Bc2 Bxf3 14.
gxf3 Nh5 15. f4 Nxf4 16. Bxf4 exf4 17. Kh1 Ne7 18. Na3 c5 19. d5 Ng6 20.
Nc4 Bc7 21. Ra6 Ra8 22. Qa1 Rxa6 23. Qxa6 Qe7 24. f3 Ne5 25. Nxe5 Qxe5 26.
Ra1 g6 27. Qe2 Rb8 28. Bd3 Bd8 29. Ra6 Bf6 30. Bb5 Qe7 31. Bc6 Kg7 32. Qd2
Be5 33. b4 Qf6 34. b5 Bxc3 35. Qc2 Qd4 36. b6 Qb4 37. b7 Bd4 38. Kg2 Rxb7
39. Bxb7 Qxb7 40. Rxd6 Qe7 41. Rc6 Qg5+ 42. Kh3 Qh5+ 1/2-1/2

[Event "World Blitz"]
[Site "Moscow RUS"]
[Date "2009.11.18"]
[Round "35"]
[White "Tkachiev,V"]
[Black "Aronian,L"]
[Result "1/2-1/2"]
[WhiteElo "2642"]
[BlackElo "2786"]
[EventDate "2009.11.16"]

1. d4 Nf6 2. c4 g6 3. Nf3 Bg7 4. g3 O-O 5. Bg2 c6 6. Nc3 d5 7. cxd5 cxd5 8.
Ne5 e6 9. O-O Nfd7 10. f4 Nb6 11. b3 Bd7 12. Ba3 Re8 13. Rc1 Bc6 14. e3
N8d7 15. Rf2 Nxe5 16. fxe5 Nd7 17. Qd3 f5 18. exf6 Nxf6 19. Rcf1 e5 20.
dxe5 Rxe5 21. Bc5 Ng4 22. Bd4 Nxf2 23. Rxf2 Re7 24. Bxg7 Rxg7 25. Bxd5+ Kh8
26. e4 Qb6 27. Kg2 Qc5 28. Rf6 Bxd5 29. Nxd5 Rf8 30. Qc3 Qc8 31. e5 Rd8 32.
Qxc8 Rxc8 33. e6 Re8 34. e7 Rgxe7 35. Nxe7 1/2-1/2

[Event "World Blitz"]
[Site "Moscow RUS"]
[Date "2009.11.18"]
[Round "40"]
[White "Gashimov,V"]
[Black "Tkachiev,V"]
[Result "1/2-1/2"]
[WhiteElo "2758"]
[BlackElo "2642"]
[EventDate "2009.11.16"]

1. e4 e5 2. Nf3 Nc6 3. Bb5 a6 4. Ba4 Nf6 5. O-O b5 6. Bb3 Bc5 7. a4 Rb8 8.
c3 O-O 9. d4 Bb6 10. axb5 axb5 11. dxe5 Ng4 12. Bf4 Qe7 13. Nbd2 Ngxe5 14.
Nxe5 Nxe5 15. Qe2 d6 16. Kh1 Be6 17. Bxe6 Qxe6 18. Bg3 Rfe8 19. Rae1 Nc4
20. Nf3 h6 21. Nd4 Bxd4 22. cxd4 Qf6 23. b3 Na5 24. Qd3 Nc6 25. Rd1 Qg6 26.
f3 d5 27. Qc3 Rbd8 28. e5 Rc8 29. Qc5 Ne7 30. Qxb5 c6 31. Qc5 Nf5 32. Bf2
h5 33. g3 Rb8 34. Qc3 Rb6 35. b4 Reb8 36. Rb1 Qe6 37. Rb2 Ne7 38. Kg2 Ra6
39. Rfb1 Rab6 40. h3 Ng6 41. Be3 Qf5 42. Bd2 Kh8 43. Qe3 Kg8 44. g4 Qe6 45.
Kg3 hxg4 46. hxg4 f5 47. Qg5 Rf8 48. Rh1 fxg4 49. Qxg4 Rf5 50. Rh5 Ne7 51.
Rb1 Kf7 52. Rbh1 Rxh5 53. Rxh5 Qxg4+ 54. Kxg4 Ra6 55. Rh8 Ra2 56. Bg5 Rg2+
57. Kh3 Rxg5 58. Rb8 Rg1 59. b5 cxb5 60. Rxb5 Ke6 61. Rb6+ Kf5 62. Rb7 Ng6
63. Kh2 Rd1 64. Rf7+ Kg5 65. e6 Re1 66. Kg3 Rxe6 67. Rxg7 Re3 68. Rd7 Ne7
69. Rd8 Kf6 70. Rd6+ Re6 71. Rd8 Re1 72. Rd6+ Kf7 73. Kf4 Rd1 74. Ke5 Rd3
75. Rf6+ Ke8 76. f4 Re3+ 77. Kd6 Re4 78. f5 Rxd4 79. Re6 Re4 80. Rf6 d4 81.
Kc5 d3 82. Rd6 Re3 83. Kc4 Nxf5 84. Rd5 Rf3 85. Ra5 Ke7 86. Ra7+ Ke6 87.
Ra6+ Nd6+ 88. Kd4 Rf4+ 89. Ke3 Rb4 90. Kxd3 Kd5 91. Ra5+ Nb5 92. Ra8 Rb3+
93. Kc2 Nd4+ 94. Kd2 Rh3 95. Rd8+ Kc4 96. Rc8+ Kb4 97. Rb8+ Nb5 98. Kc2
Rc3+ 99. Kd2 Rc5 100. Kd3 Kb3 101. Rb7 Rd5+ 102. Ke4 Kc4 103. Rb8 Nd6+ 104.
Ke3 Re5+ 105. Kf3 Kd4 106. Rd8 Kd5 107. Kf4 Re6 108. Kf3 1/2-1/2

[Event "World Blitz"]
[Site "Moscow RUS"]
[Date "2009.11.18"]
[Round "41"]
[White "Anand,V"]
[Black "Aronian,L"]
[Result "1/2-1/2"]
[WhiteElo "2788"]
[BlackElo "2786"]
[EventDate "2009.11.16"]

1. e4 e5 2. Nf3 Nc6 3. Bc4 Bc5 4. O-O Nf6 5. d3 d6 6. Be3 Bxe3 7. fxe3 Be6
8. Bxe6 fxe6 9. Nc3 O-O 10. d4 Qe7 11. Qd2 a6 12. a3 1/2-1/2

[Event "World Blitz"]
[Site "Moscow RUS"]
[Date "2009.11.18"]
[Round "41"]
[White "Polgar,Ju"]
[Black "Gelfand,B"]
[Result "0-1"]
[WhiteElo "2680"]
[BlackElo "2758"]
[EventDate "2009.11.16"]

1. e4 e6 2. d4 d5 3. Nc3 dxe4 4. Nxe4 Bd7 5. Nf3 Bc6 6. Ng3 Nd7 7. Bd3 Ngf6
8. O-O Be7 9. c4 O-O 10. b3 Bxf3 11. Qxf3 c6 12. Bb2 Qa5 13. Rfe1 Ba3 14.
Bxa3 Qxa3 15. Re2 Rfd8 16. h3 Nf8 17. Ne4 Nxe4 18. Qxe4 Qd6 19. Rd1 Rd7 20.
c5 Qc7 21. Red2 Rad8 22. Bf1 Qa5 23. Bc4 Ng6 24. Qe3 Ne7 25. Qf4 Nd5 26.
Qe5 Nc3 27. Ra1 Nb5 28. Rad1 Nc3 29. Ra1 Qc7 30. Qxc7 Rxc7 31. Kf1 Rcd7 32.
Rd3 Nd5 33. Rad1 Ne7 34. g4 g5 35. b4 Ng6 36. b5 Nf4 37. R3d2 Nxh3 38. Ke2
Nf4+ 39. Ke3 Kg7 40. a4 Kf6 41. a5 cxb5 42. Bxb5 Rc7 43. a6 bxa6 44. Bxa6
h5 45. gxh5 Nxh5 46. Be2 Nf4 47. Bf3 Ng6 48. Ra1 Ne7 49. Be4 Nd5+ 50. Kd3
Nf4+ 51. Kc4 Ke7 52. Rda2 Rdd7 53. c6 Rd8 54. Rxa7 Rdc8 55. Kc5 f5 56. Bc2
Nh3 57. Rh1 g4 58. d5 Rxa7 59. d6+ Kf6 60. Kb6 Ra2 61. d7 Rb2+ 62. Ka7 Rc7+
63. Ka8 Ke7 64. Ba4 Rb6 65. Rc1 Nxf2 66. Rc2 Ne4 67. Rh2 Rbxc6 68. Rh7+ Kd8
69. Kb8 Rxd7 70. Rh8+ Ke7 71. Bxc6 Rd4 72. Rg8 Rd8+ 73. Rxd8 Kxd8 0-1

[Event "World Blitz"]
[Site "Moscow RUS"]
[Date "2009.11.18"]
[Round "42"]
[White "Gashimov,V"]
[Black "Karjakin,Sergey"]
[Result "1-0"]
[WhiteElo "2758"]
[BlackElo "2723"]
[EventDate "2009.11.16"]

1. e4 e5 2. Nf3 Nc6 3. Bb5 Nf6 4. d4 exd4 5. O-O a6 6. Bxc6 dxc6 7. e5 Ne4
8. Re1 Nc5 9. Nxd4 Be7 10. Nc3 Ne6 11. Nf5 Qxd1 12. Rxd1 Bf8 13. Be3 Bd7
14. Rd3 O-O-O 15. Rad1 b6 16. Ne4 c5 17. Ng5 Be8 18. Rxd8+ Nxd8 19. c4 h6
20. Ne4 Ne6 21. Nfg3 Bc6 22. Nc3 b5 23. b3 b4 24. Nd5 a5 25. f4 g6 26. Ne4
a4 27. Kf2 h5 28. Kf3 Kb7 29. g3 Rg8 30. Ke2 Rh8 31. Nf2 Rh7 32. Nd3 Rh8
33. Rb1 Kc8 34. Rf1 Rh7 35. Rf2 Kb7 36. Nf6 Rh8 37. f5 gxf5 38. Rxf5 Bh6
39. Rxh5 axb3 40. axb3 Bxe3 41. Rxh8 Bg1 42. Nd5 Nd4+ 43. Kf1 Bxd5 44. cxd5
Be3 45. Nxc5+ Kb6 46. Nd3 1-0